Central Library OPAC University of Rajshahi

The economics of imperfect competition / (Record no. 42693)

MARC details
000 -LEADER
fixed length control field 00838nam a2200289 a 4500
001 - CONTROL NUMBER
control field 42693
003 - CONTROL NUMBER IDENTIFIER
rucl marc code BD-RjUL
005 - DATE AND TIME OF LATEST TRANSACTION
control field 20211209053557.0
008 - FIXED-LENGTH DATA ELEMENTS--GENERAL INFORMATION
fixed length control field 160615r19641933enka 000 0 eng
035 ## - SYSTEM CONTROL NUMBER
System control number (BD-RjUL)42811
System control number (OCoLC)270400
040 ## - CATALOGING SOURCE
Original cataloging agency DLC
Transcribing agency OClU
Modifying agency OCoLC
-- BD-RjUL
Language of cataloging eng
041 ## - LANGUAGE CODE
Language code of text/sound track or separate title eng
082 ## - DEWEY DECIMAL CLASSIFICATION NUMBER
Classification number 330.1
Edition number 23
Author mark and year ROE 1964
100 1# - MAIN ENTRY--PERSONAL NAME
Personal name Robinson, Joan
Dates associated with a name 1903-1983
9 (RLIN) 131499
245 14 - TITLE STATEMENT
Title The economics of imperfect competition /
Statement of responsibility, etc. by Joan Robinson
250 ## - EDITION STATEMENT
Edition statement 1st ed.
260 ## - PUBLICATION, DISTRIBUTION, ETC. (IMPRINT)
Place of publication, distribution, etc. London :
Name of publisher, distributor, etc. Macmillan and Co., ltd.,
Date of publication, distribution, etc. 1933 [reprint 1964]
300 ## - PHYSICAL DESCRIPTION
Pagination xii, 352 p. ;
Illustrations ill. ;
Size 23 cm.
650 #0 - SUBJECT ADDED ENTRY--TOPICAL TERM
Topical term or geographic name as entry element Value
9 (RLIN) 119351
Topical term or geographic name as entry element Monopolies
9 (RLIN) 131470
Topical term or geographic name as entry element Competition
9 (RLIN) 130673
Topical term or geographic name as entry element Prices
9 (RLIN) 130574
Topical term or geographic name as entry element Economics, Mathematical
9 (RLIN) 116902
942 ## - ADDED ENTRY ELEMENTS (KOHA)
Source of classification or shelving scheme Dewey Decimal Classification
Koha item type Books
Holdings
Lost status Source of classification or shelving scheme Damaged status Not for loan Collection code Permanent Location Current Location Shelving location Date acquired Source of acquisition Cost, normal purchase price Total Checkouts Full call number Date last seen Copy number Koha item type
  Dewey Decimal Classification     Non-fiction Central Library, University of Rajshahi Central Library, University of Rajshahi   06/11/1965 Zeithlinger 21.00   330.1 ROE 1964 15/06/2016 C-2 Books
  Dewey Decimal Classification     Non-fiction Central Library, University of Rajshahi Central Library, University of Rajshahi   06/11/1965 Zetlinger 21.00   330.1 ROE 1964 15/06/2016 C-3 Books
  Dewey Decimal Classification     Non-fiction Central Library, University of Rajshahi Central Library, University of Rajshahi   04/12/1968 Zeithlinger 21.00   330.1 ROE 1964 16/06/2016 C-4 Books
  Dewey Decimal Classification     Non-fiction Central Library, University of Rajshahi Central Library, University of Rajshahi   31/01/1955   27.00   330.1 ROE 1950 01/08/2016 C-5 Books
  Dewey Decimal Classification   Not For Loan Non-fiction Central Library, University of Rajshahi Central Library, University of Rajshahi General Stacks 12/05/1967 University Book Agency 15.75   330.1 ROE 1964 31/08/2025 C-1 Books